[Event "GCT Super Blitz Poland"]
[Site "Warsaw POL"]
[Date "2026.05.08"]
[Round "3.1"]
[White "So, Wesley"]
[Black "Niemann, Hans Moke"]
[Result "1-0"]
[WhiteTitle "GM"]
[BlackTitle "GM"]
[WhiteElo "2754"]
[BlackElo "2728"]
[WhiteFideId "5202213"]
[BlackFideId "2093596"]
[EventDate "2026.05.08"]

1. d4 Nf6 2. c4 e6 3. Nf3 d5 4. Nc3 Bb4 5. cxd5 exd5 6. Bg5 h6 7. Bh4 O-O 8. e3
Bf5 9. Rc1 Nbd7 10. Qb3 Bxc3+ 11. Rxc3 c6 12. Nd2 a5 13. a4 Qe7 14. Be2 Qb4 15.
O-O Rfe8 16. Ra1 g5 17. Bg3 c5 18. dxc5 d4 19. Qxb4 axb4 20. Rc4 dxe3 21. fxe3
Rxe3 22. Bf3 Rd3 23. Nf1 Nd5 24. c6 bxc6 25. Rxc6 Be6 26. a5 g4 27. Be2 Rb3 28.
Rc2 Ne3 29. Nxe3 Rxe3 30. a6 b3 31. Rd2 Nc5 32. a7 Ne4 33. Bf4 Nxd2 34. Bxe3 Nc4
35. Bxc4 Bxc4 36. Bxh6 f6 37. Ra4 Be6 38. Be3 Kf7 39. Kf2 Bd5 40. Rxg4 Rc8 41.
Rd4 Ke6 42. h4 Ba8 43. g4 Rc2+ 44. Rd2 Rc8 45. Kg3 Rg8 46. Rd3 Bd5 47. Bf4 Ba8
48. Rxb3 Rg7 49. Be3 f5 50. g5 1-0

[Event "GCT Super Blitz Poland"]
[Site "Warsaw POL"]
[Date "2026.05.08"]
[Round "3.3"]
[White "Wojtaszek, Radoslaw"]
[Black "Sindarov, Javokhir"]
[Result "1/2-1/2"]
[WhiteTitle "GM"]
[BlackTitle "GM"]
[WhiteElo "2650"]
[BlackElo "2776"]
[WhiteFideId "1118358"]
[BlackFideId "14205483"]
[EventDate "2026.05.08"]

1. d4 Nf6 2. Nf3 g6 3. g3 c5 4. c3 b6 5. Bg2 Bb7 6. a4 Bg7 7. O-O O-O 8. a5 cxd4
9. cxd4 bxa5 10. Qa4 Nc6 11. Nc3 Rb8 12. Ne5 Nb4 13. Bxb7 Rxb7 14. Nc4 Nc6 15.
Nxa5 Qxa5 16. Qxa5 Nxa5 17. Rxa5 Rc8 18. Rd1 d6 19. Kf1 Nd7 20. e3 Nb6 21. Rb5
Rcb8 22. Nd5 Nxd5 23. Rxd5 Rc8 24. Ra5 Rc2 25. Ke1 e5 26. dxe5 Bxe5 27. Ra2 Kf8
28. Bd2 Rcxb2 29. Rxb2 Rxb2 30. Rc1 Ra2 31. f4 Bf6 32. Rc6 Ke7 33. Bb4 a5 34.
Bxd6+ Kd7 35. Ra6 Bc3+ 36. Kf1 Rxh2 37. e4 f6 38. e5 fxe5 39. Bxe5 Bb4 40. g4 h5
41. Kg1 Rh4 42. gxh5 gxh5 43. Kg2 Rg4+ 44. Kf3 Rg1 45. f5 Rf1+ 46. Ke4 h4 47.
Rh6 a4 48. Rxh4 a3 49. Rh7+ Kc6 50. Ra7 Bc5 51. Ra8 Re1+ 52. Kf4 Kd5 53. Bc3 Rc1
54. Bg7 Rf1+ 55. Kg5 Rf2 56. Kg6 a2 57. Ba1 Kc4 58. f6 Kb3 59. f7 Rf1 60. Be5
Ba3 61. Bg7 Rg1+ 62. Kf5 Rf1+ 63. Ke6 Bb4 64. Be5 Re1 65. Kf5 Rf1+ 66. Ke6 Rf2
67. Bg7 Re2+ 68. Kf5 Re1 69. Bh8 Rf1+ 70. Ke6 Ba3 71. Bg7 Re1+ 72. Kf5 Rf1+ 73.
Ke6 Bc5 74. Bh8 Bb4 75. Bg7 Re1+ 76. Kf5 Rf1+ 1/2-1/2

[Event "GCT Super Blitz Poland"]
[Site "Warsaw POL"]
[Date "2026.05.08"]
[Round "3.5"]
[White "Firouzja, Alireza"]
[Black "Duda, Jan-Krzysztof"]
[Result "1/2-1/2"]
[WhiteTitle "GM"]
[BlackTitle "GM"]
[WhiteElo "2759"]
[BlackElo "2739"]
[WhiteFideId "12573981"]
[BlackFideId "1170546"]
[EventDate "2026.05.08"]

1. Nf3 Nf6 2. b3 g6 3. Bb2 Bg7 4. c4 O-O 5. g3 c6 6. Bg2 d5 7. O-O a5 8. d3 Bg4
9. Nbd2 Nbd7 10. h3 Bxf3 11. Nxf3 e6 12. a3 Qe7 13. Rc1 Rfd8 14. Qc2 Ne8 15. d4
Nd6 16. e3 f5 17. a4 Ne4 18. Ra1 Bf8 19. Ba3 Qg7 20. Bxf8 Qxf8 21. Rab1 Qe7 22.
Ne1 Nb8 23. Nd3 Na6 24. c5 Nb4 25. Nxb4 axb4 26. Bxe4 fxe4 27. f4 exf3 28. Rxf3
Rf8 29. Rbf1 e5 30. Rxf8+ Rxf8 31. Rxf8+ Kxf8 32. Qd2 Qg5 33. Kg2 e4 34. Qf2+
Ke7 35. Qf4 Qxf4 36. gxf4 Kf6 37. h4 h5 38. Kg3 Kf5 39. Kh3 Kf6 40. Kg3 Kf5 41.
Kh3 1/2-1/2

[Event "GCT Super Blitz Poland"]
[Site "Warsaw POL"]
[Date "2026.05.08"]
[Round "7.5"]
[White "Caruana, Fabiano"]
[Black "Wojtaszek, Radoslaw"]
[Result "0-1"]
[WhiteTitle "GM"]
[BlackTitle "GM"]
[WhiteElo "2788"]
[BlackElo "2650"]
[WhiteFideId "2020009"]
[BlackFideId "1118358"]
[EventDate "2026.05.08"]

1. c4 Nf6 2. Nf3 e6 3. g3 d5 4. Bg2 dxc4 5. Qa4+ Bd7 6. Qxc4 c5 7. d4 Nc6 8.
dxc5 Qa5+ 9. Nbd2 Bxc5 10. O-O Be7 11. Nb3 Qh5 12. Rd1 Rc8 13. Qf4 Nd5 14. Qd2
O-O 15. h3 Rfd8 16. e4 Nb6 17. Qe2 Nb4 18. e5 Ba4 19. Rxd8+ Rxd8 20. Be3 Qg6 21.
Nc5 Bc6 22. Rd1 Rxd1+ 23. Qxd1 Qc2 24. Qd4 N4d5 25. Ne1 Qb1 26. Nd3 Qxa2 27. Bc1
Qa4 28. Qxa4 Nxa4 29. Nc2 Nc5 30. Nxc5 Bxc5 31. Kf1 Kf8 32. Ke1 Nb4 33. Nxb4
Bxg2 34. Nd3 Bd4 35. h4 Be4 36. Ke2 Bxd3+ 37. Kxd3 Bxf2 38. Bf4 h5 0-1

[Event "GCT Super Blitz Poland"]
[Site "Warsaw POL"]
[Date "2026.05.08"]
[Round "8.5"]
[White "Fedoseev, Vladimir3"]
[Black "So, Wesley"]
[Result "1-0"]
[WhiteTitle "GM"]
[BlackTitle "GM"]
[WhiteElo "2700"]
[BlackElo "2754"]
[WhiteFideId "24130737"]
[BlackFideId "5202213"]
[EventDate "2026.05.08"]

1. d4 Nf6 2. Nf3 d5 3. Bf4 Bf5 4. c4 e6 5. Qb3 Qc8 6. e3 c6 7. cxd5 exd5 8. Nc3
Nbd7 9. Rc1 Be7 10. h3 O-O 11. Be2 Nb6 12. a4 Be6 13. Ng5 Bf5 14. a5 Nbd7 15. g4
Bg6 16. h4 h6 17. Nh3 Bd8 18. a6 bxa6 19. g5 hxg5 20. Nxg5 Bc7 21. Bxc7 Qxc7 22.
Nxd5 Qa5+ 23. Nc3 c5 24. h5 Be4 25. Nxe4 Nxe4 26. Bf3 Rab8 27. Qa4 Qxa4 28. Nxa4
Nef6 29. Nxc5 Nxc5 30. Rxc5 Rxb2 31. O-O Rfb8 32. Ra1 Rb1+ 33. Rxb1 Rxb1+ 34.
Kg2 Rb5 35. Rc8+ Kh7 36. Rc7 Rg5+ 37. Kh3 Rf5 38. Kg3 Kh6 39. Rxa7 a5 40. e4
Nxh5+ 41. Bxh5 Rxh5 42. Rxf7 Rb5 43. Kf4 g5+ 44. Kg4 a4 45. Rf6+ Kg7 46. Ra6 Rb4
47. Kxg5 Rxd4 48. e5 Kf7 49. f4 Re4 50. Kf5 Rc4 51. Ra7+ Ke8 52. e6 1-0